|
|
|
|
| LEADER |
01948nab#a2200433#ar4500 |
| 001 |
000073908 |
| 003 |
SVKKK |
| 005 |
20080606070258.0 |
| 008 |
080512d1901 xo |||||||||||||||b|hun |
| FMT |
|
|
|
| 038 |
|
|
|a SVKKK
|
| 040 |
|
|
|a SVKKK
|b slo
|e AACR2
|
| 041 |
0 |
|
|a hun
|
| 044 |
|
|
|a xo
|c SK
|
| 080 |
|
|
|a 353
|2 1997
|
| 080 |
|
|
|a 929 Hadik Futaki, Vojtech
|2 1997
|
| 242 |
1 |
0 |
|a Gróf Vojtech Hadik
|y slo
|
| 245 |
1 |
0 |
|a Gróf Hadik Béla
|
| 500 |
|
|
|a mikrofilm
|
| 500 |
|
|
|a Dohľadanie
|
| 520 |
2 |
|
|a Nekrológ o grófovi Vojtechovi Hadikovi, ktorý zomrel v Budapesti [7.03.] 1912. Menovaný pôsobil o.i. ako hlavný župan Zmplínskej župy a po zrieknutí sa tohto postu pôsobil ako riaditeľ agrárnej hypotekárnej banky v Budapešti [Földhitelintézet]. Rozlúčka s menovaným v Budapesti za účasti popredných hodnostárov verejného a spoločenského života (uvedený menoslov) a následne prevezené telesné pozostatky do miesta posledného odpočinku, do rodinnej krypty v Čicave. Tu sa s ním rozlúčil titulárny kanonik Dr. Ferdinand Schütz z obce Soľ. Pri obrade mu pomáhalo 12 farárov
|
| 600 |
1 |
4 |
|a Hadik Futaki, Vojtech
|d 1870-1912
|x gróf, veľkostatkár, politik
|z Pavlovce nad Uhom (Slovensko)
|x rodák
|z Košice (Slovensko)
|x štúdium
|x hlavný župan Zemplínskej župy
|y 1902-1904
|x riaditeľ agrárnej banky
|z Budapešť (Maďarsko)
|y 1906-1912
|
| 650 |
0 |
4 |
|a úmrtie
|x nekrológy
|z Budapešť (Maďarsko)
|y 7.03.1912
|
| 655 |
|
4 |
|a hungariká
|
| 773 |
0 |
|
|t Felvidéki Hirlap
|g Roč. 5, č. 10 (17.03.1912) s. 2
|
| 957 |
|
|
|a Budapest
|
| 957 |
|
|
|a Pavlovce nad Uhom
|
| 957 |
|
|
|a Čičava
|
| 958 |
|
|
|a DG
|
| 958 |
|
|
|a HU
|
| 974 |
|
|
|a Ba
|
| 992 |
|
|
|a RBX
|
| 997 |
|
|
|a Hadik Futaki, Béla p. Hadik Futaki, Vojtech
|d Pallócz p. Pavlovce nad Uhom
|
| 997 |
|
|
|d Kassa p. Košice
|
| 997 |
|
|
|d Sátoraljaújhely
|
| 997 |
|
|
|d Budapešť (HU)
|
| 997 |
|
|
|d Csicsóka p. Čičava
|
| BAS |
|
|
|
| 998 |
|
|
|a RETRO
|